000 00283nam a22001217a 4500
082 _a200
_bWAT/M
100 _aWATCHTOWER BIBLE
245 _aMANKIND'S SEARCH FOR GOD
260 _aNEW YORK
_bWATCHTOWER BIBLE
_c1990
300 _a378
650 _aSPIRITUAL
_zUNITED STATES
942 _cBK
999 _c4789
_d4789